[Event "Stay Safe Play From Home 279"]
[Site "Emanuel Lasker Arena"]
[Date "2020.07.05"]
[Round "1"]
[White "Don59as"]
[Black "Sadbat1122"]
[Result "1-0"]
[WhiteElo "2021"]
[BlackElo "1628"]
[Annotator "NA"]
[PlyCount "103"]
[EventDate "2020.07.05"]
[EventType "swiss (blitz)"]

1. c4 {[%emt 0:00:02]} e6 {[%emt 0:00:02]} 2. e4 {[%emt 0:00:02]} d5 {[%emt 0:00:02]} 3. cxd5 {[%emt 0:00:03]} exd5 {[%emt 0:00:02]} 4. exd5 {[%emt 0:00:01]} Qxd5 {[%emt 0:00:02]} 5. Nc3 {[%emt 0:00:01]} Qe5+ {[%emt 0:00:01]} 6. Be2 {[%emt 0:00:01]} Bg4 {[%emt 0:00:11]} 7. d4 {[%emt 0:00:08]} Qe7 {[%emt 0:00:18]} 8. Be3 {[%emt 0:00:06]} Bxe2 {[%emt 0:00:02]} 9. Ngxe2 {[%emt 0:00:00]} Nf6 {[%emt 0:00:03]} 10. O-O {[%emt 0:00:03]} Nc6 {[%emt 0:00:04]} 11. Qa4 {[%emt 0:00:11]} O-O-O {[%emt 0:00:05]} 12. Rac1 {[%emt 0:00:06]} Qb4 {[%emt 0:00:07]} 13. Qc2 {[%emt 0:00:08]} Be7 {[%emt 0:00:17]} 14. d5 {[%emt 0:00:13]} Ne5 {[%emt 0:00:29]} 15. a3 {[%emt 0:00:10]} Qd6 {[%emt 0:00:12]} 16. Nb5 {[%emt 0:00:05]} Qd7 {[%emt 0:00:08]} 17. Nxc7 {[%emt 0:00:35]} Kb8 {[%emt 0:00:07]} 18. Qb3 {[%emt 0:00:06]} Nxd5 {[%emt 0:00:23]} 19. Nxd5 {[%emt 0:00:29]} Qxd5 {[%emt 0:00:02]} 20. Qa4 {[%emt 0:00:07]} b6 {[%emt 0:00:11]} 21. Rfd1 {[%emt 0:00:09]} Qb7 {[%emt 0:00:02]} 22. Bf4 {[%emt 0:00:13]} f6 {[%emt 0:00:04]} 23. Nd4 {[%emt 0:00:03]} Bc5 {[%emt 0:00:22]} 24. Bxe5+ {[%emt 0:00:04]} fxe5 {[%emt 0:00:04]} 25. Nc6+ {[%emt 0:00:01]} Kc8 {[%emt 0:00:11]} 26. Nxd8 {[%emt 0:00:03]} Rxd8 {[%emt 0:00:03]} 27. Qg4+ {[%emt 0:00:01]} Rd7 {[%emt 0:00:08]} 28. b4 {[%emt 0:00:06]} Kd8 {[%emt 0:00:05]} 29. Rxd7+ {[%emt 0:00:03]} Qxd7 {[%emt 0:00:05]} 30. Qxd7+ {[%emt 0:00:01]} Kxd7 {[%emt 0:00:01]} 31. bxc5 {[%emt 0:00:00]} Kc6 {[%emt 0:00:02]} 32. cxb6+ {[%emt 0:00:01]} Kxb6 {[%emt 0:00:01]} 33. Re1 {[%emt 0:00:02]} Kb5 {[%emt 0:00:03]} 34. Rxe5+ {[%emt 0:00:01]} Ka4 {[%emt 0:00:01]} 35. Re3 {[%emt 0:00:02]} a5 {[%emt 0:00:02]} 36. g4 {[%emt 0:00:01]} Kb5 {[%emt 0:00:02]} 37. Re7 {[%emt 0:00:01]} Ka4 {[%emt 0:00:03]} 38. Ra7 {[%emt 0:00:02]} Kxa3 {[%emt 0:00:02]} 39. Rxa5+ {[%emt 0:00:02]} Kb4 {[%emt 0:00:01]} 40. Ra7 {[%emt 0:00:01]} h5 {[%emt 0:00:03]} 41. Rxg7 {[%emt 0:00:01]} hxg4 {[%emt 0:00:02]} 42. Rxg4+ {[%emt 0:00:01]} Kc3 {[%emt 0:00:01]} 43. h4 {[%emt 0:00:00]} Kd3 {[%emt 0:00:01]} 44. h5 {[%emt 0:00:02]} Ke2 {[%emt 0:00:01]} 45. Rg3 {[%emt 0:00:01]} Kd2 {[%emt 0:00:03]} 46. Re3 {[%emt 0:00:01]} Kc2 {[%emt 0:00:02]} 47. h6 {[%emt 0:00:01]} Kd2 {[%emt 0:00:02]} 48. h7 {[%emt 0:00:00]} Kc2 {[%emt 0:00:02]} 49. h8=Q {[%emt 0:00:04]} Kd2 {[%emt 0:00:02]} 50. Qb2+ {[%emt 0:00:01]} Kd1 {[%emt 0:00:02]} 51. Rd3+ {[%emt 0:00:02]} Ke1 {[%emt 0:00:02]} 52. Qd2# {[%emt 0:00:01] (Lag: Av=0.95s, max=1.3s)} 1-0

[Event "Stay Safe Play From Home 279"]
[Site "Emanuel Lasker Arena"]
[Date "2020.07.05"]
[Round "1"]
[White "Fischer_11"]
[Black "Haris kollari 13"]
[Result "0-1"]
[WhiteElo "1941"]
[BlackElo "1816"]
[Annotator "NA"]
[PlyCount "72"]
[EventDate "2020.07.05"]
[EventType "swiss (blitz)"]

1. e4 {[%emt 0:00:04]} e6 {[%emt 0:00:02]} 2. d4 {[%emt 0:00:01]} d5 {[%emt 0:00:02]} 3. Nd2 {[%emt 0:00:00]} Nf6 {[%emt 0:00:02]} 4. e5 {[%emt 0:00:01]} Nfd7 {[%emt 0:00:01]} 5. f4 {[%emt 0:00:00]} c5 {[%emt 0:00:01]} 6. c3 {[%emt 0:00:00]} Nc6 {[%emt 0:00:01]} 7. Ndf3 {[%emt 0:00:01]} a6 {[%emt 0:00:01]} 8. g3 {[%emt 0:00:01]} c4 {[%emt 0:00:02]} 9. Bh3 {[%emt 0:00:01]} b5 {[%emt 0:00:04]} 10. f5 {[%emt 0:00:01]} Nb6 {[%emt 0:00:02]} 11. fxe6 {[%emt 0:00:01]} Bxe6 {[%emt 0:00:01]} 12. Bxe6 {[%emt 0:00:01]} fxe6 {[%emt 0:00:01]} 13. Ng5 {[%emt 0:00:00]} Qe7 {[%emt 0:00:04]} 14. Qg4 {[%emt 0:00:04]} Nd8 {[%emt 0:00:07]} 15. Nxh7 {[%emt 0:00:43]} Rxh7 {[%emt 0:00:03]} 16. Qg6+ {[%emt 0:00:01]} Nf7 {[%emt 0:00:05]} 17. Qxh7 {[%emt 0:00:01]} O-O-O {[%emt 0:00:01]} 18. Nf3 {[%emt 0:00:02]} b4 {[%emt 0:00:07]} 19. Qg6 {[%emt 0:00:03]} Re8 {[%emt 0:00:08]} 20. O-O {[%emt 0:00:07]} Nd8 {[%emt 0:00:05]} 21. Bg5 {[%emt 0:00:11]} Qd7 {[%emt 0:00:01]} 22. Bxd8 {[%emt 0:00:08]} Qxd8 {[%emt 0:00:01]} 23. Ng5 {[%emt 0:00:02]} Qd7 {[%emt 0:00:17]} 24. Rf7 {[%emt 0:00:07]} Be7 {[%emt 0:00:03]} 25. Rxg7 {[%emt 0:00:12]} Qc6 {[%emt 0:00:04]} 26. Qxe6+ {[%emt 0:00:14]} Qxe6 {[%emt 0:00:05]} 27. Nxe6 {[%emt 0:00:00]} a5 {[%emt 0:00:04]} 28. Nf4 {[%emt 0:00:04]} a4 {[%emt 0:00:02]} 29. Rf1 {[%emt 0:00:07]} a3 {[%emt 0:00:02]} 30. bxa3 {[%emt 0:00:01]} bxc3 {[%emt 0:00:01]} 31. Rc1 {[%emt 0:00:07]} Bxa3 {[%emt 0:00:01]} 32. Rxc3 {[%emt 0:00:01]} Bb2 {[%emt 0:00:01]} 33. Rc2 {[%emt 0:00:02]} Bxd4+ {[%emt 0:00:01]} 34. Kg2 {[%emt 0:00:02]} Bxe5 {[%emt 0:00:01]} 35. Ng6 {[%emt 0:00:07]} Bxg7 {[%emt 0:00:10]} 36. h4 {[%emt 0:00:07]} d4 {[%emt 0:00:01] Fischer_11 gibt auf (Lag: Av=0.34s, max=0.5s)} 0-1

[Event "Stay Safe Play From Home 279"]
[Site "Emanuel Lasker Arena"]
[Date "2020.07.05"]
[Round "2"]
[White "Haris kollari 13"]
[Black "Haxhi Baha"]
[Result "1-0"]
[WhiteElo "1839"]
[BlackElo "1971"]
[Annotator "NA"]
[PlyCount "135"]
[EventDate "2020.07.05"]
[EventType "swiss (blitz)"]

1. e4 {[%emt 0:00:01]} e5 {[%emt 0:00:03]} 2. Nf3 {[%emt 0:00:01]} Nc6 {[%emt 0:00:01]} 3. Bb5 {[%emt 0:00:01]} Bb4 {[%emt 0:00:02]} 4. c3 {[%emt 0:00:01]} Ba5 {[%emt 0:00:05]} 5. O-O {[%emt 0:00:01]} Nf6 {[%emt 0:00:02]} 6. Bxc6 {[%emt 0:00:01]} dxc6 {[%emt 0:00:04]} 7. Nxe5 {[%emt 0:00:01]} O-O {[%emt 0:00:02]} 8. d3 {[%emt 0:00:06]} Re8 {[%emt 0:00:06]} 9. Nc4 {[%emt 0:00:01]} Bb6 {[%emt 0:00:12]} 10. Nxb6 {[%emt 0:00:01]} cxb6 {[%emt 0:00:04]} 11. Bg5 {[%emt 0:00:01]} h6 {[%emt 0:00:03]} 12. Bxf6 {[%emt 0:00:01]} Qxf6 {[%emt 0:00:03]} 13. Na3 {[%emt 0:00:04]} Be6 {[%emt 0:00:05]} 14. Qc2 {[%emt 0:00:02]} Rad8 {[%emt 0:00:09]} 15. f3 {[%emt 0:00:04]} c5 {[%emt 0:00:05]} 16. Rad1 {[%emt 0:00:07]} a6 {[%emt 0:00:06]} 17. c4 {[%emt 0:00:04]} Rd4 {[%emt 0:00:10]} 18. Qc3 {[%emt 0:00:04]} Red8 {[%emt 0:00:05]} 19. Nc2 {[%emt 0:00:13]} R4d7 {[%emt 0:00:13]} 20. e5 {[%emt 0:00:11]} Qg6 {[%emt 0:00:09]} 21. Ne1 {[%emt 0:00:04]} Bf5 {[%emt 0:00:10]} 22. Rf2 {[%emt 0:00:06]} Bxd3 {[%emt 0:00:06]} 23. Rfd2 {[%emt 0:00:03]} Bf5 {[%emt 0:00:02]} 24. Rxd7 {[%emt 0:00:05]} Rxd7 {[%emt 0:00:03]} 25. Rxd7 {[%emt 0:00:01]} Bxd7 {[%emt 0:00:01]} 26. Qd2 {[%emt 0:00:00]} Be6 {[%emt 0:00:05]} 27. b3 {[%emt 0:00:02]} Qf5 {[%emt 0:00:15]} 28. f4 {[%emt 0:00:11]} Bd7 {[%emt 0:00:10]} 29. Qd6 {[%emt 0:00:17]} Bc6 {[%emt 0:00:04]} 30. Qd8+ {[%emt 0:00:07]} Kh7 {[%emt 0:00:03]} 31. g3 {[%emt 0:00:01]} Qb1 {[%emt 0:00:21]} 32. Qd3+ {[%emt 0:00:02]} Be4 {[%emt 0:00:08]} 33. Qxb1 {[%emt 0:00:03]} Bxb1 {[%emt 0:00:00]} 34. a3 {[%emt 0:00:01]} Ba2 {[%emt 0:00:03]} 35. b4 {[%emt 0:00:01]} Bxc4 {[%emt 0:00:02]} 36. Kf2 {[%emt 0:00:04]} cxb4 {[%emt 0:00:04]} 37. axb4 {[%emt 0:00:01]} a5 {[%emt 0:00:00]} 38. Nc2 {[%emt 0:00:04]} Bd3 {[%emt 0:00:09]} 39. Ne1 {[%emt 0:00:04]} Bf5 {[%emt 0:00:06]} 40. Nf3 {[%emt 0:00:10]} axb4 {[%emt 0:00:00]} 41. Nd4 {[%emt 0:00:08]} Be6 {[%emt 0:00:07]} 42. Ke3 {[%emt 0:00:03]} b3 {[%emt 0:00:02]} 43. Kd3 {[%emt 0:00:03]} Bd5 {[%emt 0:00:06]} 44. Kc3 {[%emt 0:00:01]} Kg6 {[%emt 0:00:04]} 45. g4 {[%emt 0:00:01]} h5 {[%emt 0:00:03]} 46. h3 {[%emt 0:00:01]} hxg4 {[%emt 0:00:03]} 47. hxg4 {[%emt 0:00:01]} b5 {[%emt 0:00:07]} 48. Nxb5 {[%emt 0:00:08]} Bf3 {[%emt 0:00:02]} 49. Kxb3 {[%emt 0:00:01]} Bxg4 {[%emt 0:00:02]} 50. Nd6 {[%emt 0:00:01]} Bf3 {[%emt 0:00:02]} 51. Kc3 {[%emt 0:00:01]} b6 {[%emt 0:00:08]} 52. Kd4 {[%emt 0:00:01]} Bc6 {[%emt 0:00:03]} 53. f5+ {[%emt 0:00:03]} Kg5 {[%emt 0:00:03]} 54. Nxf7+ {[%emt 0:00:06]} Kxf5 {[%emt 0:00:02]} 55. Nd8 {[%emt 0:00:02]} Bd7 {[%emt 0:00:07]} 56. Kd5 {[%emt 0:00:01]} b5 {[%emt 0:00:04]} 57. Kd6 {[%emt 0:00:01]} b4 {[%emt 0:00:01]} 58. Kxd7 {[%emt 0:00:01]} Kxe5 {[%emt 0:00:02]} 59. Nc6+ {[%emt 0:00:02]} Ke4 {[%emt 0:00:07]} 60. Nxb4 {[%emt 0:00:01]} g5 {[%emt 0:00:01]} 61. Kd6 {[%emt 0:00:01]} g4 {[%emt 0:00:01]} 62. Nd5 {[%emt 0:00:00]} g3 {[%emt 0:00:01]} 63. Nf6+ {[%emt 0:00:00]} Ke3 {[%emt 0:00:01]} 64. Ng4+ {[%emt 0:00:01]} Kf3 {[%emt 0:00:02]} 65. Ne5+ {[%emt 0:00:02]} Kf2 {[%emt 0:00:01]} 66. Ng4+ {[%emt 0:00:01]} Kf3 {[%emt 0:00:02]} 67. Ne5+ {[%emt 0:00:01]} Kf2 {[%emt 0:00:01]} 68. Nd3+ {[%emt 0:00:01] Time (Lag: Av=1.19s, max=2.2s)} 1-0

[Event "Stay Safe Play From Home 279"]
[Site "Emanuel Lasker Arena"]
[Date "2020.07.05"]
[Round "2"]
[White "Sadbat1122"]
[Black "Indianquant"]
[Result "0-1"]
[WhiteElo "1625"]
[BlackElo "2314"]
[Annotator "NA"]
[PlyCount "100"]
[EventDate "2020.07.05"]
[EventType "swiss (blitz)"]

1. e4 {[%emt 0:00:02]} c5 {[%emt 0:00:05]} 2. c3 {[%emt 0:00:02]} Nf6 {[%emt 0:00:01]} 3. e5 {[%emt 0:00:02]} Nd5 {[%emt 0:00:03]} 4. Nf3 {[%emt 0:00:02]} e6 {[%emt 0:00:02]} 5. d4 {[%emt 0:00:02]} cxd4 {[%emt 0:00:00]} 6. cxd4 {[%emt 0:00:01]} d6 {[%emt 0:00:01]} 7. Nc3 {[%emt 0:00:02]} Nxc3 {[%emt 0:00:01]} 8. bxc3 {[%emt 0:00:02]} Qc7 {[%emt 0:00:00]} 9. Bb5+ {[%emt 0:00:05]} Nd7 {[%emt 0:00:01]} 10. Bb2 {[%emt 0:00:05]} a6 {[%emt 0:00:01]} 11. Bxd7+ {[%emt 0:00:04]} Bxd7 {[%emt 0:00:00]} 12. O-O {[%emt 0:00:02]} Be7 {[%emt 0:00:01]} 13. Rc1 {[%emt 0:00:08]} O-O {[%emt 0:00:01]} 14. Re1 {[%emt 0:00:10]} Rfd8 {[%emt 0:00:01]} 15. exd6 {[%emt 0:00:06]} Bxd6 {[%emt 0:00:01]} 16. Ne5 {[%emt 0:00:01]} Be8 {[%emt 0:00:04]} 17. Qg4 {[%emt 0:00:05]} b5 {[%emt 0:00:26]} 18. h4 {[%emt 0:00:03]} Qe7 {[%emt 0:00:29]} 19. h5 {[%emt 0:00:04]} h6 {[%emt 0:00:15]} 20. Rcd1 {[%emt 0:00:14]} Qg5 {[%emt 0:00:05]} 21. Qxg5 {[%emt 0:00:04]} hxg5 {[%emt 0:00:00]} 22. Nf3 {[%emt 0:00:02]} g4 {[%emt 0:00:06]} 23. Ne5 {[%emt 0:00:02]} Bxe5 {[%emt 0:00:08]} 24. Rxe5 {[%emt 0:00:02]} Kf8 {[%emt 0:00:08]} 25. Ba3+ {[%emt 0:00:03]} Kg8 {[%emt 0:00:01]} 26. Rg5 {[%emt 0:00:03]} f6 {[%emt 0:00:00]} 27. Rxg4 {[%emt 0:00:18]} Bxh5 {[%emt 0:00:01]} 28. f3 {[%emt 0:00:13]} Bxg4 {[%emt 0:00:01]} 29. fxg4 {[%emt 0:00:01]} Rac8 {[%emt 0:00:00]} 30. Bb4 {[%emt 0:00:06]} e5 {[%emt 0:00:01]} 31. d5 {[%emt 0:00:03]} Kf7 {[%emt 0:00:01]} 32. Kf2 {[%emt 0:00:11]} Rc4 {[%emt 0:00:02]} 33. Kf3 {[%emt 0:00:07]} Rd7 {[%emt 0:00:06]} 34. d6 {[%emt 0:00:03]} Ke6 {[%emt 0:00:01]} 35. g3 {[%emt 0:00:03]} a5 {[%emt 0:00:04]} 36. Bxa5 {[%emt 0:00:02]} Rxd6 {[%emt 0:00:00]} 37. Rh1 {[%emt 0:00:10]} Rd3+ {[%emt 0:00:01]} 38. Kf2 {[%emt 0:00:04]} Rxg4 {[%emt 0:00:01]} 39. Rh8 {[%emt 0:00:03]} Ra4 {[%emt 0:00:01]} 40. Bb4 {[%emt 0:00:07]} Rxa2+ {[%emt 0:00:01]} 41. Ke1 {[%emt 0:00:02]} Rxg3 {[%emt 0:00:00]} 42. Kf1 {[%emt 0:00:04]} Kf5 {[%emt 0:00:05]} 43. Rh5+ {[%emt 0:00:04]} g5 {[%emt 0:00:01]} 44. Rh6 {[%emt 0:00:05]} Rg4 {[%emt 0:00:03]} 45. Be7 {[%emt 0:00:03]} Rf4+ {[%emt 0:00:00]} 46. Ke1 {[%emt 0:00:02]} Rh4 {[%emt 0:00:08]} 47. Rxf6+ {[%emt 0:00:03]} Ke4 {[%emt 0:00:01]} 48. Rf1 {[%emt 0:00:33]} Rhh2 {[%emt 0:00:02]} 49. Bxg5 {[%emt 0:00:14]} Ra1+ {[%emt 0:00:02]} 50. Bc1 {[%emt 0:00:02]} Rxc1# {[%emt 0:00:00] (Lag: Av=1.21s, max=1.5s)} 0-1

[Event "Stay Safe Play From Home 279"]
[Site "Emanuel Lasker Arena"]
[Date "2020.07.05"]
[Round "2"]
[White "Justwatch"]
[Black "Don59as"]
[Result "0-1"]
[WhiteElo "1544"]
[BlackElo "2025"]
[Annotator "NA"]
[PlyCount "24"]
[EventDate "2020.07.05"]
[EventType "swiss (blitz)"]

1. e4 {[%emt 0:00:02]} e5 {[%emt 0:00:02]} 2. Bc4 {[%emt 0:00:01]} Nc6 {[%emt 0:00:01]} 3. Qh5 {[%emt 0:00:01]} Qe7 {[%emt 0:00:05]} 4. Nf3 {[%emt 0:01:01]} Nf6 {[%emt 0:00:02]} 5. Qh4 {[%emt 0:00:01]} d6 {[%emt 0:00:20]} 6. d3 {[%emt 0:00:04]} Na5 {[%emt 0:00:03]} 7. Bb3 {[%emt 0:00:12]} Nxb3 {[%emt 0:00:01]} 8. axb3 {[%emt 0:00:00]} h6 {[%emt 0:00:02]} 9. Nc3 {[%emt 0:00:04]} Rg8 {[%emt 0:00:07]} 10. Be3 {[%emt 0:00:55]} g5 {[%emt 0:00:05]} 11. Qg3 {[%emt 0:00:06]} Nh5 {[%emt 0:00:07]} 12. Bxg5 {[%emt 0:00:04]} hxg5 {[%emt 0:00:03] Justwatch terk eder (Lag: Av=0.56s, max=0.7s)} 0-1

[Event "Stay Safe Play From Home 279"]
[Site "Emanuel Lasker Arena"]
[Date "2020.07.05"]
[Round "3"]
[White "Lazieri3"]
[Black "Indianquant"]
[Result "0-1"]
[WhiteElo "2060"]
[BlackElo "2314"]
[PlyCount "84"]
[EventDate "2020.07.05"]
[EventType "swiss (blitz)"]

1. e4 {[%emt 0:00:02]} c5 {[%emt 0:00:01]} 2. Nc3 {[%emt 0:00:06]} g6 {[%emt 0:00:14]} 3. Nf3 {[%emt 0:00:02]} Bg7 {[%emt 0:00:00]} 4. d3 {[%emt 0:00:04]} Nc6 {[%emt 0:00:01]} 5. Be3 {[%emt 0:00:06]} d6 {[%emt 0:00:00]} 6. Qd2 {[%emt 0:00:01]} Bg4 {[%emt 0:00:19]} 7. Be2 {[%emt 0:00:03]} Bxf3 {[%emt 0:00:03]} 8. Bxf3 {[%emt 0:00:01]} Nd4 {[%emt 0:00:00]} 9. Bd1 {[%emt 0:00:01]} Qd7 {[%emt 0:00:07]} 10. a3 {[%emt 0:00:04]} f5 {[%emt 0:00:33]} 11. exf5 {[%emt 0:00:03]} Nxf5 {[%emt 0:00:02]} 12. Bg4 {[%emt 0:00:07]} Nf6 {[%emt 0:00:01]} 13. Bxf5 {[%emt 0:00:01]} Qxf5 {[%emt 0:00:01]} 14. Bh6 {[%emt 0:00:03]} Bxh6 {[%emt 0:00:09]} 15. Qxh6 {[%emt 0:00:00]} Qxf2+ {[%emt 0:00:02]} 16. Kxf2 {[%emt 0:00:07]} Ng4+ {[%emt 0:00:00]} 17. Ke2 {[%emt 0:00:05]} Nxh6 {[%emt 0:00:00]} 18. Nd5 {[%emt 0:00:01]} Kd7 {[%emt 0:00:07]} 19. Rhf1 {[%emt 0:00:04]} Raf8 {[%emt 0:00:00]} 20. h3 {[%emt 0:00:02]} Nf5 {[%emt 0:00:01]} 21. Kd2 {[%emt 0:00:11]} e6 {[%emt 0:00:01]} 22. Ne3 {[%emt 0:00:05]} Ng3 {[%emt 0:00:01]} 23. Rxf8 {[%emt 0:00:02]} Rxf8 {[%emt 0:00:01]} 24. Re1 {[%emt 0:00:21]} Rf2+ {[%emt 0:00:03]} 25. Kc3 {[%emt 0:00:01]} Ne2+ {[%emt 0:00:04]} 26. Kb3 {[%emt 0:00:08]} Nd4+ {[%emt 0:00:01]} 27. Kc3 {[%emt 0:00:01]} h5 {[%emt 0:00:05]} 28. a4 {[%emt 0:00:15]} d5 {[%emt 0:00:05]} 29. b4 {[%emt 0:00:08]} Nc6 {[%emt 0:00:22]} 30. Nd1 {[%emt 0:00:08]} cxb4+ {[%emt 0:00:04]} 31. Kb3 {[%emt 0:00:08]} Nd4+ {[%emt 0:00:02]} 32. Kb2 {[%emt 0:00:04]} Rxc2+ {[%emt 0:00:02]} 33. Kb1 {[%emt 0:00:02]} Rxg2 {[%emt 0:00:02]} 34. Ne3 {[%emt 0:00:03]} Re2 {[%emt 0:00:04]} 35. Rxe2 {[%emt 0:00:01]} Nxe2 {[%emt 0:00:00]} 36. Kc2 {[%emt 0:00:04]} a5 {[%emt 0:00:05]} 37. h4 {[%emt 0:00:03]} Kd6 {[%emt 0:00:03]} 38. Ng2 {[%emt 0:00:06]} e5 {[%emt 0:00:03]} 39. Kd2 {[%emt 0:00:01]} Nf4 {[%emt 0:00:02]} 40. Ne3 {[%emt 0:00:02]} Kc5 {[%emt 0:00:06]} 41. Kc2 {[%emt 0:00:06]} b5 {[%emt 0:00:01]} 42. axb5 {[%emt 0:00:02]} Kxb5 {[%emt 0:00:00] Lazieri3 resigns (Lag: Av=0.95s, max=1.4s)} 0-1

[Event "Stay Safe Play From Home 279"]
[Site "Emanuel Lasker Arena"]
[Date "2020.07.05"]
[Round "3"]
[White "Don59as"]
[Black "Haris kollari 13"]
[Result "1-0"]
[WhiteElo "2027"]
[BlackElo "1862"]
[Annotator "NA"]
[PlyCount "95"]
[EventDate "2020.07.05"]
[EventType "swiss (blitz)"]

1. c4 {[%emt 0:00:02]} b6 {[%emt 0:00:02]} 2. Nc3 {[%emt 0:00:01]} Bb7 {[%emt 0:00:01]} 3. e4 {[%emt 0:00:01]} g6 {[%emt 0:00:01]} 4. g3 {[%emt 0:00:01]} Bg7 {[%emt 0:00:01]} 5. Nge2 {[%emt 0:00:01]} Nf6 {[%emt 0:00:08]} 6. Bg2 {[%emt 0:00:01]} h5 {[%emt 0:00:01]} 7. h3 {[%emt 0:00:01]} d6 {[%emt 0:00:04]} 8. d4 {[%emt 0:00:02]} Nbd7 {[%emt 0:00:01]} 9. O-O {[%emt 0:00:02]} c5 {[%emt 0:00:02]} 10. Be3 {[%emt 0:00:03]} Qc7 {[%emt 0:00:08]} 11. b3 {[%emt 0:00:03]} a6 {[%emt 0:00:02]} 12. Rc1 {[%emt 0:00:01]} Nh7 {[%emt 0:00:06]} 13. Nd5 {[%emt 0:00:05]} Bxd5 {[%emt 0:00:02]} 14. cxd5 {[%emt 0:00:00]} O-O {[%emt 0:00:09]} 15. dxc5 {[%emt 0:00:04]} bxc5 {[%emt 0:00:03]} 16. Nd4 {[%emt 0:00:04]} Bxd4 {[%emt 0:00:07]} 17. Bxd4 {[%emt 0:00:01]} Qa5 {[%emt 0:00:08]} 18. Bc3 {[%emt 0:00:09]} Qxa2 {[%emt 0:00:01]} 19. Ra1 {[%emt 0:00:02]} Qxa1 {[%emt 0:00:08]} 20. Bxa1 {[%emt 0:00:10]} Rfb8 {[%emt 0:00:00]} 21. f4 {[%emt 0:00:03]} Rb5 {[%emt 0:00:04]} 22. e5 {[%emt 0:00:02]} Rab8 {[%emt 0:00:03]} 23. Rf3 {[%emt 0:00:07]} c4 {[%emt 0:00:07]} 24. Bf1 {[%emt 0:00:05]} Rxb3 {[%emt 0:00:02]} 25. Rxb3 {[%emt 0:00:03]} cxb3 {[%emt 0:00:02]} 26. Bb2 {[%emt 0:00:06]} a5 {[%emt 0:00:01]} 27. e6 {[%emt 0:00:07]} fxe6 {[%emt 0:00:04]} 28. dxe6 {[%emt 0:00:01]} Nc5 {[%emt 0:00:03]} 29. Qd4 {[%emt 0:00:08]} Nf6 {[%emt 0:00:01]} 30. g4 {[%emt 0:00:07]} Rb4 {[%emt 0:00:01]} 31. Qc3 {[%emt 0:00:08]} hxg4 {[%emt 0:00:01]} 32. hxg4 {[%emt 0:00:01]} Rxf4 {[%emt 0:00:01]} 33. Qxa5 {[%emt 0:00:12]} Rxg4+ {[%emt 0:00:11]} 34. Bg2 {[%emt 0:00:01]} Kf8 {[%emt 0:00:08]} 35. Bxf6 {[%emt 0:00:06]} exf6 {[%emt 0:00:01]} 36. Qd8+ {[%emt 0:00:01]} Kg7 {[%emt 0:00:01]} 37. e7 {[%emt 0:00:43]} b2 {[%emt 0:00:01]} 38. e8=N+ {[%emt 0:00:05]} Kf7 {[%emt 0:00:04]} 39. Qxf6+ {[%emt 0:00:08]} Kxe8 {[%emt 0:00:02]} 40. Qxb2 {[%emt 0:00:02]} Kd7 {[%emt 0:00:03]} 41. Qg7+ {[%emt 0:00:03]} Kd8 {[%emt 0:00:06]} 42. Kf2 {[%emt 0:00:04]} Rg5 {[%emt 0:00:08]} 43. Bc6 {[%emt 0:00:02]} Rf5+ {[%emt 0:00:16]} 44. Kg3 {[%emt 0:00:02]} g5 {[%emt 0:00:01]} 45. Qg6 {[%emt 0:00:10]} Re5 {[%emt 0:00:01]} 46. Qxd6+ {[%emt 0:00:01]} Kc8 {[%emt 0:00:11]} 47. Qxe5 {[%emt 0:00:01]} Nd3 {[%emt 0:00:03]} 48. Qf5+ {[%emt 0:00:02] Haris kollari 13 resigns (Lag: Av=0.48s, max=0.7s)} 1-0

[Event "Stay Safe Play From Home 279"]
[Site "Emanuel Lasker Arena"]
[Date "2020.07.05"]
[Round "3"]
[White "Haxhi Baha"]
[Black "Dukic"]
[Result "1-0"]
[WhiteElo "1948"]
[BlackElo "1850"]
[PlyCount "65"]
[EventDate "2020.07.05"]
[EventType "swiss (blitz)"]

1. e4 {[%emt 0:00:05]} c6 {[%emt 0:00:01]} 2. Nc3 {[%emt 0:00:02]} d6 {[%emt 0:00:01]} 3. Nf3 {[%emt 0:00:01]} Bg4 {[%emt 0:00:02]} 4. Bc4 {[%emt 0:00:04]} e6 {[%emt 0:00:02]} 5. Bb3 {[%emt 0:00:03]} Nd7 {[%emt 0:00:01]} 6. h3 {[%emt 0:00:03]} Bh5 {[%emt 0:00:02]} 7. g4 {[%emt 0:00:02]} Bg6 {[%emt 0:00:02]} 8. Qe2 {[%emt 0:00:02]} Be7 {[%emt 0:00:09]} 9. d4 {[%emt 0:00:02]} d5 {[%emt 0:00:16]} 10. Bf4 {[%emt 0:00:20]} b5 {[%emt 0:00:04]} 11. exd5 {[%emt 0:00:17]} exd5 {[%emt 0:00:04]} 12. O-O-O {[%emt 0:00:12]} Ngf6 {[%emt 0:00:02]} 13. Rde1 {[%emt 0:00:09]} b4 {[%emt 0:00:26]} 14. Bd6 {[%emt 0:00:15]} Ne4 {[%emt 0:00:02]} 15. Nxe4 {[%emt 0:00:06]} Bxe4 {[%emt 0:00:03]} 16. Bxe7 {[%emt 0:00:07]} Qxe7 {[%emt 0:00:01]} 17. Nd2 {[%emt 0:00:03]} O-O {[%emt 0:00:52]} 18. f3 {[%emt 0:00:03]} a5 {[%emt 0:00:07]} 19. Ba4 {[%emt 0:00:03]} Qd6 {[%emt 0:00:05]} 20. fxe4 {[%emt 0:00:04]} Nb6 {[%emt 0:00:01]} 21. e5 {[%emt 0:00:07]} Qc7 {[%emt 0:00:06]} 22. b3 {[%emt 0:00:03]} Rac8 {[%emt 0:00:08]} 23. Rhf1 {[%emt 0:00:09]} c5 {[%emt 0:00:02]} 24. dxc5 {[%emt 0:00:15]} Qxc5 {[%emt 0:00:02]} 25. Qd3 {[%emt 0:00:01]} Rc7 {[%emt 0:00:14]} 26. Nf3 {[%emt 0:00:08]} d4 {[%emt 0:00:26]} 27. Nxd4 {[%emt 0:00:09]} Rd8 {[%emt 0:00:01]} 28. Re4 {[%emt 0:00:03]} Nd5 {[%emt 0:00:14]} 29. Qb5 {[%emt 0:00:11]} Qa7 {[%emt 0:00:15]} 30. e6 {[%emt 0:00:14]} Nc3 {[%emt 0:00:03]} 31. exf7+ {[%emt 0:00:05]} Rxf7 {[%emt 0:00:06]} 32. Re8+ {[%emt 0:00:07]} Rf8 {[%emt 0:00:06]} 33. Rfxf8# {[%emt 0:00:03] (Lag: Av=0.74s, max=0.9s)} 1-0